[Event "CZE-chT2B 2223"]
[Site "Czech Republic"]
[Date "2023.01.08"]
[Round "6.2"]
[White "Krejcik, Jiri"]
[Black "Hurtik, Matej"]
[Result "0-1"]
[WhiteElo "2051"]
[BlackElo "2108"]
[PlyCount "66"]
[EventDate "2022.10.16"]
[EventType "team-tourn"]
[EventRounds "11"]
[EventCountry "CZE"]
[SourceTitle "EXT 2024"]
[Source "ChessBase"]
[SourceDate "2023.10.10"]
[SourceVersion "1"]
[SourceVersionDate "2023.10.10"]
[SourceQuality "1"]
[WhiteTeam "Karlovy Vary"]
[BlackTeam "Litomerice III"]
[WhiteTeamCountry "CZE"]
[BlackTeamCountry "CZE"]

1. e4 d6 2. d4 Nf6 3. f3 Nbd7 4. c4 e5 5. d5 Nh5 6. Be3 Be7 7. Qd2 h6 8. Nh3 Nf8 9. g3 Ng6 10. Nc3 a6 11. Nf2 Bg5 12. Be2 Qe7 13. 0-0-0 Bd7 14. Nd3 Bxe3 15. Qxe3 Qg5 16. Qd2 Qxd2+ 17. Kxd2 Nf6 18. f4 Bg4 19. fxe5 Nxe5 20. Nxe5 dxe5 21. h3 Bxe2 22. Kxe2 b5 23. cxb5 axb5 24. a3 Kd7 25. Kf3 Rhb8 26. Na2 Ne8 27. Nb4 Rb6 28. Rc1 Rf6+ 29. Kg2 Nd6 30. Rhe1 Nc4 31. Re2 Na5 32. Rec2 Ra7 33. Rc3 Rd6 0-1

[Event "CZE-ch Betsys Online Blitz"]
[Site "Chess.com INT"]
[Date "2021.04.17"]
[Round "2"]
[White "Jirka, Jiri"]
[Black "Krejcik, Jiri"]
[Result "1-0"]
[WhiteElo "2392"]
[BlackElo "2109"]
[PlyCount "113"]
[EventDate "2021.04.17"]
[EventType "swiss (blitz)"]
[EventRounds "13"]
[EventCountry "CZE"]
[SourceTitle "CBM 201 Extra"]
[Source "ChessBase"]
[SourceDate "2021.05.31"]
[SourceVersion "1"]
[SourceVersionDate "2021.05.31"]
[SourceQuality "1"]

1. d4 Nf6 2. c4 g6 3. g3 Bg7 4. Bg2 0-0 5. Nc3 d6 6. Nf3 c6 7. 0-0 Nbd7 8. e4 e5 9. h3 Rb8 10. Be3 h6 11. Qc2 Re8 12. Rad1 Qe7 13. Rfe1 Nf8 14. dxe5 dxe5 15. Bxa7 Ra8 16. Be3 g5 17. Nd2 Ng6 18. Nb3 Be6 19. Bc5 Qc7 20. Bd6 Qc8 21. Kh2 Bxc4 22. a3 b5 23. Nc5 Nh5 24. Nb1 Ngf4 25. gxf4 Nxf4 26. b3 Be6 27. Nxe6 Qxe6 28. Bc5 g4 29. Re3 Kh7 30. hxg4 Qxg4 31. Rg3 Qh4+ 32. Kg1 Rg8 33. Rd7 Qf6 34. Be3 h5 35. Bxf4 Qxf4 36. Rf3 Qg4 37. Rfxf7 Raf8 38. Rxf8 Rxf8 39. Qd1 Qg5 40. Qe2 h4 41. Kh1 Kh6 42. Qe3 Bf6 43. Qxg5+ Bxg5 44. Rd6+ Kh5 45. f3 Bf4 46. Kg1 c5 47. Kf1 c4 48. Bh3 cxb3 49. Bg4+ Kg5 50. Rd3 b2 51. Rb3 Rc8 52. Rxb2 Rc5 53. Ke2 h3 54. Kd3 Kh4 55. Nc3 h2 56. Rxh2+ Bxh2 57. Nd5 1-0

[Event "CZE-ch Betsys Online Blitz"]
[Site "Chess.com INT"]
[Date "2021.04.17"]
[Round "9"]
[White "Krejcik, Jiri"]
[Black "Sykora, Marek1111"]
[Result "0-1"]
[WhiteElo "2109"]
[BlackElo "2213"]
[PlyCount "62"]
[EventDate "2021.04.17"]
[EventType "swiss (blitz)"]
[EventRounds "13"]
[EventCountry "CZE"]
[SourceTitle "CBM 201 Extra"]
[Source "ChessBase"]
[SourceDate "2021.05.31"]
[SourceVersion "1"]
[SourceVersionDate "2021.05.31"]
[SourceQuality "1"]

1. e4 e5 2. Nf3 Nc6 3. Bc4 Bc5 4. c3 Nf6 5. d4 exd4 6. b4 Bb6 7. e5 d5 8. exf6 dxc4 9. fxg7 Rg8 10. Qe2+ Be6 11. Bg5 Qd5 12. Bf6 d3 13. Qd1 Qf5 14. b5 Qxb5 15. 0-0 Qf5 16. Bd4 Bxd4 17. cxd4 Rxg7 18. Nbd2 0-0-0 19. Qa4 Rxg2+ 20. Kxg2 Rg8+ 21. Kh1 Bd5 22. Qd1 Nxd4 23. Rg1 Rxg1+ 24. Qxg1 Bxf3+ 25. Nxf3 Qxf3+ 26. Qg2 c3 27. Kg1 Ne2+ 28. Kf1 Qxg2+ 29. Kxg2 c2 30. Kf3 d2 31. Kxe2 c1Q 0-1

[Event "CZE-ch Betsys Online Blitz"]
[Site "Chess.com INT"]
[Date "2021.04.17"]
[Round "10"]
[White "Linhart, Jaroslav"]
[Black "Krejcik, Jiri"]
[Result "0-1"]
[WhiteElo "1764"]
[BlackElo "2109"]
[PlyCount "74"]
[EventDate "2021.04.17"]
[EventType "swiss (blitz)"]
[EventRounds "13"]
[EventCountry "CZE"]
[SourceTitle "CBM 201 Extra"]
[Source "ChessBase"]
[SourceDate "2021.05.31"]
[SourceVersion "1"]
[SourceVersionDate "2021.05.31"]
[SourceQuality "1"]

1. e4 e5 2. Nf3 Nc6 3. Bb5 a6 4. Ba4 Nf6 5. d3 b5 6. Bb3 Be7 7. 0-0 0-0 8. c3 d5 9. exd5 Nxd5 10. Re1 Bb7 11. Nxe5 Nxe5 12. Rxe5 Qd7 13. d4 Rae8 14. Nd2 Nf4 15. Nf3 Nxg2 16. d5 Qg4 17. Kh1 Bd6 18. Rxe8 Rxe8 19. Bd2 Nh4 20. Nxh4 Qxh4 21. Qg1 Qh5 22. Be3 Bxd5+ 23. Bxd5 Qxd5+ 24. Qg2 Qxg2+ 25. Kxg2 f6 26. Kf3 Kf7 27. Rg1 g5 28. Rg4 h5 29. Re4 Rxe4 30. Kxe4 Ke6 31. Kd4 c5+ 32. Ke4 f5+ 33. Kf3 f4 34. Bd2 Ke5 35. h4 g4+ 36. Ke2 Ke4 37. Bc1 Be7 0-1

[Event "CZE-chT2B 1920"]
[Site "Czech Republic"]
[Date "2020.06.18"]
[Round "10.8"]
[White "Krejcik, Jiri"]
[Black "Misicko, Jan1111"]
[Result "1-0"]
[WhiteElo "2084"]
[BlackElo "1589"]
[PlyCount "65"]
[EventDate "2019.10.13"]
[EventType "team-tourn"]
[EventRounds "11"]
[EventCountry "CZE"]
[SourceTitle "EXT 2024"]
[Source "ChessBase"]
[SourceDate "2023.10.10"]
[SourceVersion "1"]
[SourceVersionDate "2023.10.10"]
[SourceQuality "1"]
[WhiteTeam "Karlovy Vary Tietz"]
[BlackTeam "Kladno"]
[WhiteTeamCountry "CZE"]
[BlackTeamCountry "CZE"]

1. e4 e5 2. Nf3 Nc6 3. Bc4 Bc5 4. c3 Nf6 5. d3 d6 6. Bg5 Bg4 7. Nbd2 h6 8. Bh4 Qe7 9. h3 Be6 10. b4 Bb6 11. a4 a6 12. Qe2 g5 13. Nxg5 hxg5 14. Bxg5 Bxc4 15. Qf3 Bxd3 16. Bxf6 Bxe4 17. Nxe4 Qf8 18. Bxh8 Qxh8 19. Nf6+ Ke7 20. Nd5+ Ke6 21. a5 e4 22. Qxe4+ Qe5 23. Qxe5+ Kxe5 24. 0-0-0 Ba7 25. g4 Ke4 26. Rhe1+ Kf3 27. Rd3+ Kxf2 28. Kd1 Ne5 29. Re2+ Kf1 30. Rdd2 Nf3 31. Ra2 Rh8 32. Nf4 c6 33. Nh5 1-0

[Event "CZE-chT2B 1819"]
[Site "Czech Republic"]
[Date "2019.03.17"]
[Round "10.6"]
[White "Krejcik, Jiri"]
[Black "Kovar, Jan1111"]
[Result "1-0"]
[WhiteElo "2111"]
[BlackElo "2031"]
[PlyCount "91"]
[EventDate "2018.10.14"]
[EventType "team-tourn"]
[EventRounds "11"]
[EventCountry "CZE"]
[SourceTitle "EXT 2022"]
[Source "ChessBase"]
[SourceDate "2021.10.06"]
[SourceVersion "1"]
[SourceVersionDate "2021.10.06"]
[SourceQuality "1"]
[WhiteTeam "Karlovy Vary Tietz"]
[BlackTeam "Udlice"]
[WhiteTeamCountry "CZE"]
[BlackTeamCountry "CZE"]

1. e4 c6 2. d4 d5 3. Nc3 dxe4 4. Nxe4 Bf5 5. Ng3 Bg6 6. Nf3 e6 7. h4 h6 8. Ne5 Bh7 9. Qh5 Qc7 10. Bc4 Nf6 11. Qe2 Nd5 12. 0-0 Bd6 13. Nh5 Bxe5 14. dxe5 Kf8 15. b3 Bg6 16. Ng3 Nd7 17. h5 Bh7 18. Re1 Kg8 19. Bb2 N7b6 20. Rad1 Nxc4 21. bxc4 Nb4 22. Rd2 Rd8 23. Red1 Rf8 24. a3 Na6 25. Rd7 Qb6 26. Bd4 c5 27. Bc3 Nb8 28. R7d6 Nc6 29. a4 Rd8 30. Rxd8+ Nxd8 31. Rd7 g5 32. a5 Qb1+ 33. Rd1 Qxc2 34. Rxd8+ Kg7 35. Rxh8 Kxh8 36. Qxc2 Bxc2 37. Nf1 Bd1 38. f3 b6 39. Kf2 bxa5 40. Bxa5 Kg7 41. Ne3 Bb3 42. Bd8 a5 43. Bxa5 f5 44. exf6+ Kxf6 45. Bb6 e5 46. Bxc5 1-0

[Event "CZE-chT2B 1819"]
[Site "Czech Republic"]
[Date "2019.02.10"]
[Round "8.7"]
[White "Cenkovic, Tomas"]
[Black "Krejcik, Jiri"]
[Result "1-0"]
[WhiteElo "2010"]
[BlackElo "2111"]
[PlyCount "89"]
[EventDate "2018.10.14"]
[EventType "team-tourn"]
[EventRounds "11"]
[EventCountry "CZE"]
[SourceTitle "EXT 2022"]
[Source "ChessBase"]
[SourceDate "2021.10.06"]
[SourceVersion "1"]
[SourceVersionDate "2021.10.06"]
[SourceQuality "1"]
[WhiteTeam "Most Chess"]
[BlackTeam "Karlovy Vary Tietz"]
[WhiteTeamCountry "CZE"]
[BlackTeamCountry "CZE"]

1. e4 e5 2. Nf3 Nc6 3. Bb5 a6 4. Ba4 b5 5. Bb3 Nf6 6. 0-0 Be7 7. Re1 0-0 8. c3 d5 9. exd5 Nxd5 10. Nxe5 Nxe5 11. Rxe5 Bb7 12. d4 Qd7 13. Qh5 Nf6 14. Qf5 Qxf5 15. Rxf5 Be4 16. Rf4 g5 17. Rxe4 Nxe4 18. Bd5 Nd6 19. Bxa8 Rxa8 20. a4 b4 21. cxb4 Rb8 22. Nc3 Kf8 23. Nd5 Bd8 24. Bd2 c6 25. Ne3 Ne4 26. Bc3 a5 27. Nc2 Be7 28. bxa5 c5 29. a6 Ra8 30. Be1 cxd4 31. Nxd4 Rxa6 32. Ra2 Bc5 33. Nb5 Re6 34. Kf1 g4 35. b4 Bb6 36. a5 Re5 37. Nc3 Bxf2 38. Rxf2 g3 39. Nxe4 gxf2 40. Nxf2 Ke8 41. Nd3 Re3 42. Nc5 Kd8 43. b5 Re5 44. Bf2 Kc8 45. b6 1-0

[Event "CZE-chT2B 1819"]
[Site "Czech Republic"]
[Date "2018.11.18"]
[Round "3.6"]
[White "Havranek, Tomas"]
[Black "Krejcik, Jiri"]
[Result "1/2-1/2"]
[WhiteElo "2055"]
[BlackElo "2111"]
[PlyCount "46"]
[EventDate "2018.10.14"]
[EventType "team-tourn"]
[EventRounds "11"]
[EventCountry "CZE"]
[SourceTitle "EXT 2022"]
[Source "ChessBase"]
[SourceDate "2021.10.06"]
[SourceVersion "1"]
[SourceVersionDate "2021.10.06"]
[SourceQuality "1"]
[WhiteTeam "Decin"]
[BlackTeam "Karlovy Vary Tietz"]
[WhiteTeamCountry "CZE"]
[BlackTeamCountry "CZE"]

1. e4 e5 2. Nf3 Nc6 3. Nc3 Nf6 4. d4 exd4 5. Nxd4 d6 6. Nxc6 bxc6 7. Bd3 Be7 8. 0-0 0-0 9. h3 Nd7 10. Be3 Ne5 11. Be2 f5 12. f4 Nf7 13. exf5 d5 14. Na4 Bxf5 15. Nc5 Bd6 16. b4 Qe7 17. Bd4 Rfe8 18. Ba6 Rab8 19. Qd2 Qh4 20. c3 Nh6 21. Qf2 Qxf2+ 22. Rxf2 Bc8 23. Bxc8 Rbxc8 1/2-1/2

[Event "CZE-chT2A 1718"]
[Site "Czech Republic"]
[Date "2017.12.03"]
[Round "4.3"]
[White "Krejcik, Jiri"]
[Black "Serrano Salvador, Eduardo"]
[Result "0-1"]
[WhiteElo "2148"]
[BlackElo "2327"]
[PlyCount "74"]
[EventDate "2017.10.15"]
[EventType "team-tourn"]
[EventRounds "11"]
[EventCountry "CZE"]
[SourceTitle "EXT 2022"]
[Source "ChessBase"]
[SourceDate "2021.10.06"]
[SourceVersion "1"]
[SourceVersionDate "2021.10.06"]
[SourceQuality "1"]
[WhiteTeam "Karlovy Vary Tietz"]
[BlackTeam "Vysehrad II"]
[WhiteTeamCountry "CZE"]
[BlackTeamCountry "CZE"]

1. e4 d6 2. d4 Nf6 3. f3 c5 4. Ne2 e6 5. c4 Be7 6. Nbc3 0-0 7. Be3 Nbd7 8. Qd2 a6 9. a4 Qa5 10. Kf2 Qb4 11. a5 cxd4 12. Nxd4 Nc5 13. Be2 Rd8 14. Nc2 Qxb2 15. Rhb1 Qxc3 16. Qc1 Qe5 17. Bf4 Qh5 18. g4 Qg6 19. Ne3 e5 20. Bg3 Nfxe4+ 21. fxe4 Nxe4+ 22. Kg2 Nxg3 23. hxg3 Bg5 24. Bf3 Bxe3 25. Qxe3 Bxg4 26. Rxb7 Qc2+ 27. Kg1 Bxf3 28. Qxf3 Qxc4 29. Rf1 Rf8 30. Kh2 Rac8 31. Rd7 Qe6 32. Ra7 d5 33. Qd3 e4 34. Qe2 Rc6 35. Rf4 Rfc8 36. Rfxf7 Qxf7 37. Rxf7 Rc2 0-1

[Event "CZE-chT2A 1617"]
[Site "Czech Republic"]
[Date "2016.12.11"]
[Round "5.4"]
[White "Krejcik, Jiri"]
[Black "Vasicek, Martin"]
[Result "1-0"]
[WhiteElo "2151"]
[BlackElo "2098"]
[PlyCount "83"]
[EventDate "2016.10.09"]
[EventType "team-tourn"]
[EventRounds "11"]
[EventCountry "CZE"]
[SourceTitle "EXT 2022"]
[Source "ChessBase"]
[SourceDate "2021.10.06"]
[SourceVersion "1"]
[SourceVersionDate "2021.10.06"]
[SourceQuality "1"]
[WhiteTeam "Karlovy Vary Tietz"]
[BlackTeam "Domazlice"]
[WhiteTeamCountry "CZE"]
[BlackTeamCountry "CZE"]

1. e4 c6 2. d4 d5 3. Nc3 dxe4 4. Nxe4 Nf6 5. Nxf6+ gxf6 6. Nf3 Bg4 7. Be2 Qc7 8. Nh4 Bxe2 9. Qxe2 e6 10. 0-0 Nd7 11. c4 0-0-0 12. Be3 h5 13. b4 Bh6 14. a4 Bg5 15. Nf3 Bf4 16. d5 exd5 17. cxd5 Bxe3 18. Qxe3 Ne5 19. Nxe5 fxe5 20. dxc6 bxc6 21. Rac1 Rd5 22. Rc4 Kb8 23. Qc3 Kb7 24. b5 Rhd8 25. Rxc6 Qd7 26. Qf3 Kb8 27. Qxh5 e4 28. Qh6 Rd1 29. Rc1 Rxf1+ 30. Rxf1 f5 31. h4 Qf7 32. Qf4+ Kb7 33. f3 exf3 34. Qxf3+ Kb8 35. Qxf5 Qe7 36. Qf4+ Ka8 37. Rc1 Kb7 38. a5 Rd5 39. a6+ Kb6 40. Rc6+ Ka5 41. Qc7+ Qxc7 42. Rxc7 1-0

[Event "CZE-chT2A 1516"]
[Site "Czech Republic"]
[Date "2015.12.06"]
[Round "4.3"]
[White "Haman, Jakub"]
[Black "Krejcik, Jiri"]
[Result "1-0"]
[WhiteElo "2151"]
[BlackElo "2203"]
[PlyCount "51"]
[EventDate "2015.10.18"]
[EventType "team-tourn"]
[EventRounds "11"]
[EventCountry "CZE"]
[SourceTitle "EXT 2022"]
[Source "ChessBase"]
[SourceDate "2021.10.06"]
[SourceVersion "1"]
[SourceVersionDate "2021.10.06"]
[SourceQuality "1"]
[WhiteTeam "Kladno"]
[BlackTeam "Karlovy Vary Tietz"]
[WhiteTeamCountry "CZE"]
[BlackTeamCountry "CZE"]

1. e4 e5 2. Nf3 Nc6 3. Bb5 a6 4. Ba4 Nf6 5. 0-0 b5 6. Bb3 Be7 7. Bd5 Bb7 8. Re1 0-0 9. d4 exd4 10. Bxc6 Bxc6 11. e5 Bxf3 12. Qxf3 Ne8 13. c3 dxc3 14. Nxc3 d6 15. Nd5 Rb8 16. Bf4 Bg5 17. Nb4 Bxf4 18. Nc6 Bxh2+ 19. Kf1 Qh4 20. Nxb8 Bxe5 21. Nd7 Bxb2 22. Nxf8 Kxf8 23. Rab1 Qc4+ 24. Kg1 Be5 25. Qa3 Qc6 26. Rxe5 1-0

[Event "CZE-chT2A 1516"]
[Site "Czech Republic"]
[Date "2015.11.08"]
[Round "2.3"]
[White "Hlavac, Rudolf"]
[Black "Krejcik, Jiri"]
[Result "0-1"]
[WhiteElo "1968"]
[BlackElo "2203"]
[PlyCount "66"]
[EventDate "2015.10.18"]
[EventType "team-tourn"]
[EventRounds "11"]
[EventCountry "CZE"]
[SourceTitle "EXT 2022"]
[Source "ChessBase"]
[SourceDate "2021.10.06"]
[SourceVersion "1"]
[SourceVersionDate "2021.10.06"]
[SourceQuality "1"]
[WhiteTeam "Karlovy Vary"]
[BlackTeam "Karlovy Vary Tietz"]
[WhiteTeamCountry "CZE"]
[BlackTeamCountry "CZE"]

1. e4 g6 2. d4 Bg7 3. Nc3 c5 4. Nf3 cxd4 5. Nxd4 Nc6 6. Be3 Nf6 7. Nxc6 bxc6 8. e5 Nd5 9. Nxd5 cxd5 10. Qxd5 Rb8 11. Bxa7 Rxb2 12. Bc4 e6 13. Qc5 Bf8 14. Qd4 Qa5+ 15. c3 Rb7 16. 0-0 Qxa7 17. Qd2 Bg7 18. Rfe1 0-0 19. a4 Qc5 20. Qf4 f6 21. Bb5 fxe5 22. Qd2 d5 23. Re2 e4 24. Rc1 Rc7 25. c4 Rxf2 26. Rxf2 e3 27. Qd3 exf2+ 28. Kf1 e5 29. Rd1 d4 30. h3 Bb7 31. Kxf2 e4 32. Qg3 d3+ 33. Ke1 Bc3+ 0-1

[Event "CZE-chT2A 1516"]
[Site "Czech Republic"]
[Date "2015.10.18"]
[Round "1.3"]
[White "Krejcik, Jiri"]
[Black "Hurdzan, Tomas"]
[Result "0-1"]
[WhiteElo "2203"]
[BlackElo "2112"]
[PlyCount "188"]
[EventDate "2015.10.18"]
[EventType "team-tourn"]
[EventRounds "11"]
[EventCountry "CZE"]
[SourceTitle "EXT 2022"]
[Source "ChessBase"]
[SourceDate "2021.10.06"]
[SourceVersion "1"]
[SourceVersionDate "2021.10.06"]
[SourceQuality "1"]
[WhiteTeam "Karlovy Vary Tietz"]
[BlackTeam "Klatovy"]
[WhiteTeamCountry "CZE"]
[BlackTeamCountry "CZE"]

1. e4 c5 2. Nf3 Nc6 3. d4 cxd4 4. Nxd4 g6 5. c4 Nf6 6. Nc3 d6 7. Be2 Nxd4 8. Qxd4 Bg7 9. Be3 0-0 10. Qd2 a5 11. 0-0 a4 12. Rac1 Qa5 13. f3 Nd7 14. Rfd1 Nc5 15. Nd5 Re8 16. Qxa5 Rxa5 17. Bd2 Ra7 18. Bg5 Kf8 19. Nc7 Rd8 20. Nd5 Re8 21. Be3 Ra5 22. Nc7 Rd8 23. Nb5 b6 24. f4 Bd7 25. b4 axb3 26. axb3 Ra2 27. Bf3 Nxb3 28. Rb1 Nc5 29. e5 Bf5 30. Rbc1 Bc2 31. Rd2 Bb3 32. Rd5 Ra4 33. Be2 Raa8 34. exd6 exd6 35. Nxd6 Rd7 36. Rb1 Bc2 37. Rxb6 Na4 38. c5 Nxb6 39. cxb6 Rb8 40. Bb5 Rdd8 41. Bc5 Kg8 42. Bc4 Bf8 43. Nxf7 Rxd5 44. Nd6 Bxd6 45. Bxd5+ Kg7 46. Bxd6 Rxb6 47. Be5+ Kf8 48. Kf2 Bf5 49. Ke3 Ke7 50. h3 Be6 51. Bf3 Rb3+ 52. Kf2 Rd3 53. Ke2 Bc4 54. Kf2 Bd5 55. Ke2 Bc4 56. Kf2 Rd8 57. h4 Bd5 58. Be2 Ra8 59. g4 Ra2 60. Ke3 Ra3+ 61. Kf2 Rh3 62. h5 Rh2+ 63. Ke3 gxh5 64. gxh5 Bf7 65. f5 Rh3+ 66. Kf4 Bxh5 67. f6+ Kf8 68. Bb5 Bf7 69. Bd7 Rh4+ 70. Kg5 Rh5+ 71. Kf4 Rh1 72. Bc6 Rg1 73. Bd4 Rc1 74. Be4 h5 75. Bf2 Rf1 76. Kg3 Ra1 77. Bf3 Ra4 78. Bd1 Rc4 79. Be2 Rc3+ 80. Kf4 Rc2 81. Ke3 Ra2 82. Bb5 Be6 83. Kf3 Rb2 84. Bc6 Kf7 85. Bh4 Rb4 86. Be4 Rc4 87. Bg5 Ke8 88. Bg6+ Bf7 89. Be4 Kd7 90. Bf5+ Kc6 91. Be4+ Kd6 92. Bd3 Ra4 93. Bc2 Rb4 94. Kg3 Rg4+ 0-1

[Event "CZE-chT2A 1415"]
[Site "Czech Republic"]
[Date "2015.01.11"]
[Round "5.1"]
[White "Krejcik, Jiri"]
[Black "Miesbauer, Jan"]
[Result "1-0"]
[WhiteElo "2189"]
[BlackElo "2178"]
[PlyCount "63"]
[EventDate "2014.11.02"]
[EventType "team-tourn"]
[EventRounds "11"]
[EventCountry "CZE"]
[SourceTitle "EXT 2022"]
[Source "ChessBase"]
[SourceDate "2021.10.06"]
[SourceVersion "1"]
[SourceVersionDate "2021.10.06"]
[SourceQuality "1"]
[WhiteTeam "Karlovy Vary II"]
[BlackTeam "Pisek"]
[WhiteTeamCountry "CZE"]
[BlackTeamCountry "CZE"]

1. e4 e6 2. d4 d5 3. Nd2 Be7 4. Bd3 c5 5. exd5 Qxd5 6. Ngf3 cxd4 7. Bc4 Qd8 8. Nb3 Nc6 9. Nbxd4 Nxd4 10. Nxd4 a6 11. c3 Qc7 12. Qe2 Nf6 13. 0-0 0-0 14. Re1 Re8 15. Bd3 b6 16. Bg5 Bb7 17. Rad1 Qc5 18. Nxe6 Qc6 19. Nf4 Bd6 20. Qf1 Rxe1 21. Rxe1 Qc7 22. Bxf6 gxf6 23. g3 Bxf4 24. Qh3 Be5 25. Qxh7+ Kf8 26. f4 Qc5+ 27. Kf1 Qd5 28. Be4 Qc4+ 29. Kg2 Qd3 30. fxe5 Re8 31. Qh6+ Ke7 32. Qxf6+ 1-0

[Event "CZE-chT1W 1415"]
[Site "Czech Republic"]
[Date "2014.11.23"]
[Round "3.6"]
[White "Rehorek, Martin"]
[Black "Krejcik, Jiri"]
[Result "1-0"]
[WhiteElo "2293"]
[BlackElo "2189"]
[PlyCount "109"]
[EventDate "2014.10.19"]
[EventType "team-tourn"]
[EventRounds "11"]
[EventCountry "CZE"]
[SourceTitle "CBM 163 Extra"]
[Source "ChessBase"]
[SourceDate "2014.12.23"]
[SourceVersion "1"]
[SourceVersionDate "2014.12.23"]
[SourceQuality "1"]
[WhiteTeam "Unichess"]
[BlackTeam "Karlovy Vary"]
[WhiteTeamCountry "CZE"]
[BlackTeamCountry "CZE"]

1. e4 d6 2. d4 Nf6 3. Nc3 c6 4. Nf3 Nbd7 5. e5 Nd5 6. Ne4 Qc7 7. c4 N5b6 8. exd6 exd6 9. Bf4 f5 10. Nc3 Nf6 11. Be2 Be7 12. 0-0 Qd8 13. d5 0-0 14. Nd4 Bd7 15. a4 cxd5 16. cxd5 Rc8 17. Qb3 Ne4 18. a5 Nc5 19. Qd1 Na8 20. b4 Ne4 21. Nxe4 fxe4 22. Be3 Nc7 23. Qb1 Bf6 24. Qxe4 Re8 25. Qd3 Qe7 26. Bf3 Be5 27. Rac1 a6 28. Rfd1 Qf7 29. Be4 g6 30. Nf3 Bb2 31. Rc2 Ba4 32. Rxb2 Bxd1 33. Qxd1 Rxe4 34. Ng5 Qf6 35. Nxe4 Qxb2 36. h4 Nb5 37. Qg4 Re8 38. f3 Qe5 39. Bg5 h5 40. Qd7 Qd4+ 41. Kh1 Rxe4 42. Qc8+ Re8 43. Qxe8+ Kh7 44. Qf7+ Qg7 45. Qe6 Qg8 46. Qe7+ Qg7 47. Qd8 Qg8 48. Qf6 Qxd5 49. Qe7+ Kg8 50. Qd8+ Kh7 51. Bf6 g5 52. Qh8+ Kg6 53. Qg7+ Kf5 54. Qxg5+ Ke6 55. Qg8+ 1-0

[Event "CZE-chT1W 1415"]
[Site "Czech Republic"]
[Date "2014.10.19"]
[Round "1.4"]
[White "Schula, Michal"]
[Black "Krejcik, Jiri"]
[Result "1-0"]
[WhiteElo "2263"]
[BlackElo "2189"]
[PlyCount "147"]
[EventDate "2014.10.19"]
[EventType "team-tourn"]
[EventRounds "11"]
[EventCountry "CZE"]
[SourceTitle "EXT 2015"]
[Source "ChessBase"]
[SourceDate "2014.11.20"]
[SourceVersion "1"]
[SourceVersionDate "2014.11.20"]
[SourceQuality "1"]
[WhiteTeam "Jicin"]
[BlackTeam "Karlovy Vary"]
[WhiteTeamCountry "CZE"]
[BlackTeamCountry "CZE"]

1. e4 e5 2. Nf3 Nc6 3. Bb5 a6 4. Ba4 Nf6 5. 0-0 b5 6. Bb3 Be7 7. d4 d6 8. dxe5 Nxe5 9. Nxe5 dxe5 10. Qxd8+ Bxd8 11. f3 0-0 12. Be3 Be7 13. a4 Be6 14. Bxe6 fxe6 15. Nd2 Rfd8 16. Nb3 Nd7 17. Kf2 c5 18. Na5 Rdc8 19. axb5 axb5 20. c4 bxc4 21. Nxc4 Bf6 22. Rfd1 Rxa1 23. Rxa1 Rb8 24. Ke2 Nb6 25. Na5 Nd7 26. Ra2 Ra8 27. Ra3 Rb8 28. Rb3 Ra8 29. Rb5 Be7 30. Kd3 Bd8 31. Nc4 Be7 32. Rb7 Rd8 33. Kc2 Kf8 34. Bd2 Ke8 35. Ba5 Rc8 36. Bc3 g6 37. Nxe5 Nf8 38. Nc4 Nd7 39. f4 Rb8 40. Ra7 Rc8 41. g4 h5 42. h3 hxg4 43. hxg4 Rc6 44. Kd3 Bd6 45. e5 Bb8 46. Rb7 Ra6 47. Ke4 Ra4 48. Kd3 Ra7 49. Nd6+ Kd8 50. Rxa7 Bxa7 51. Ba5+ Bb6 52. Bxb6+ Nxb6 53. Nb7+ Ke7 54. Nxc5 Nd5 55. Ke4 Nb4 56. Nb3 Na6 57. Nd4 Nc5+ 58. Ke3 Na6 59. Nc2 Kd7 60. Kd4 Kc6 61. Kc4 Nc7 62. Ne3 Na8 63. Kd4 Nb6 64. f5 exf5 65. gxf5 gxf5 66. Nxf5 Kd7 67. Ne3 Ke6 68. Nc4 Na8 69. Kc5 Nc7 70. b4 Na6+ 71. Kb5 Nb8 72. Kb6 Kd5 73. Kb7 Nd7 74. Nb6+ 1-0

[Event "CZE-chT2A 1314"]
[Site "Czech Republic"]
[Date "2014.02.16"]
[Round "8.1"]
[White "Krejcik, Jiri"]
[Black "Freisler, Pavel"]
[Result "1-0"]
[WhiteElo "2177"]
[BlackElo "2357"]
[PlyCount "153"]
[EventDate "2013.11.03"]
[EventType "team-tourn"]
[EventRounds "11"]
[EventCountry "CZE"]
[SourceTitle "EXT 2015"]
[Source "ChessBase"]
[SourceDate "2014.11.20"]
[SourceVersion "1"]
[SourceVersionDate "2014.11.20"]
[SourceQuality "1"]
[WhiteTeam "Karlovy Vary II"]
[BlackTeam "Kladno"]
[WhiteTeamCountry "CZE"]
[BlackTeamCountry "CZE"]

1. e4 e5 2. Nf3 Nc6 3. Bc4 Bc5 4. c3 Nf6 5. d3 d6 6. Bb3 0-0 7. Bg5 h6 8. Bh4 Qe7 9. Nbd2 Be6 10. Bc2 a6 11. Qe2 Ba7 12. Nf1 d5 13. d4 g5 14. Nxg5 Nxe4 15. Nf3 Ng5 16. Nxe5 Rfe8 17. 0-0-0 Qf6 18. Kb1 Bf5 19. Bxf5 Qxf5+ 20. Qd3 Qxd3+ 21. Nxd3 Ne7 22. Ne3 c6 23. Ng4 Kg7 24. Bg3 Bb8 25. Bxb8 Raxb8 26. f3 h5 27. Nge5 Nf5 28. Nf4 h4 29. g3 Ne6 30. Nh5+ Kh6 31. Nf6 Re7 32. Rde1 Kg7 33. Nh5+ Kh6 34. g4 Ng5 35. Nf6 Nd6 36. f4 Nge4 37. g5+ Kg7 38. Nxe4 Nxe4 39. Nf3 Rbe8 40. Kc2 f6 41. Nxh4 Nd6 42. gxf6+ Kxf6 43. Re5 Nc4 44. Rhe1 Nxe5 45. dxe5+ Kf7 46. Nf3 Ke6 47. Nd4+ Kd7 48. e6+ Kc7 49. f5 Rf8 50. b4 b6 51. Rf1 Rf6 52. Rf4 c5 53. bxc5 bxc5 54. Ne2 Kd6 55. Kd3 Rh7 56. h4 Rfh6 57. Ra4 Rxh4 58. Nf4 a5 59. Ke3 R4h6 60. Rxa5 Rf6 61. Ra6+ Ke5 62. e7 Rxe7 63. Ng6+ Rxg6 64. fxg6 Kf5+ 65. Kd3 Re1 66. g7 Rg1 67. Ra7 Rg3+ 68. Kc2 Ke5 69. a4 Kd6 70. Kd2 Kc6 71. Ke2 d4 72. Kf2 Rg4 73. Kf3 Rg1 74. cxd4 cxd4 75. Ke4 Rg4+ 76. Kf5 Rg1 77. Ra6+ 1-0